000 00618cam a2200193 i 4500
001 18050716
005 20250428171840.0
008 140228s2015 flu b 001 0 eng
020 _a9781466596290
050 0 0 _aHD69.P75
_bW5598 2015
082 0 0 _a658.5/7
_223
100 1 _aWingate, Lory Mitchell.
245 1 0 _aProject management for research and development :
_bguiding innovation for positive R&D outcomes /
_cLory Mitchell Wingate.
260 _aBoca Raton
_bCRC Press
_c2015
300 _axxxiii, 483 pages ;
_c24 cm.
650 0 _aProject management.
650 0 _aResearch, Industrial.
942 _2lcc
_cBK
_n0
999 _c5583
_d5583